000 00608nam a22001817a 4500
999 _c191370
_d191370
005 20220825112816.0
010 _aENG-134664
020 _c280.00
_a9789367871489
035 _aEN-118196
037 _bDBAD/PUB
082 _a658.3
100 _aAntony, Bindu
245 _aHuman Resource Management:
_bJob attitudes and performance of Nurses/
_cBindu Antony
260 _aMadurai
_bSHANLAX PUBLICATIONS
_c2018
270 _a61,66 T.P.K. Main Road
_bVasantha Nagar
_e625003
_k0452-4208765
_mpublisher@shanlaxpublications.com
300 _a235p.
_c22cm(pbk)
942 _2ddc
_cEN
_h658.3
_mANT